Central Library OPAC University of Rajshahi

Hitler, from power to ruin / (Record no. 25687)

MARC details
000 -LEADER
fixed length control field 00960nam a22002771 4500
001 - CONTROL NUMBER
control field 25687
003 - CONTROL NUMBER IDENTIFIER
rucl marc code BD-RjUL
005 - DATE AND TIME OF LATEST TRANSACTION
control field 20211209050919.0
008 - FIXED-LENGTH DATA ELEMENTS--GENERAL INFORMATION
fixed length control field 140319s1964 nyuac j 000 0beng
035 ## - SYSTEM CONTROL NUMBER
System control number (BD-RjUL)25757
040 ## - CATALOGING SOURCE
Original cataloging agency DLC
Transcribing agency DLC
Modifying agency DLC
-- BD-RjUL
Language of cataloging eng
041 ## - LANGUAGE CODE
Language code of text/sound track or separate title eng
082 00 - DEWEY DECIMAL CLASSIFICATION NUMBER
Classification number 943.086
Author mark and year APH 1964
100 1# - MAIN ENTRY--PERSONAL NAME
Personal name Appel, Benjamin,
Dates associated with a name 1907-1977.
9 (RLIN) 78909
245 10 - TITLE STATEMENT
Title Hitler, from power to ruin /
Statement of responsibility, etc. Benjamin Appel.
260 ## - PUBLICATION, DISTRIBUTION, ETC. (IMPRINT)
Place of publication, distribution, etc. New York :
Name of publisher, distributor, etc. Grosset & Dunlap,
Date of publication, distribution, etc. c1964.
300 ## - PHYSICAL DESCRIPTION
Pagination 91 p. :
Illustrations ill., ports. ;
Size 27 cm.
520 ## - SUMMARY, ETC.
Summary, etc. Records the background and twelve-year history of the Third Reich, from Hitler's legal ascendency to power in 1933 to the defeat of the Axis powers in 1945.
600 10 - SUBJECT ADDED ENTRY--PERSONAL NAME
Personal name Hitler, Adolf,
Dates associated with a name 1889-1945.
Personal name Hitler, Adolf,
Dates associated with a name 1889-1945.
650 #0 - SUBJECT ADDED ENTRY--TOPICAL TERM
Topical term or geographic name as entry element National socialism.
9 (RLIN) 54964
Topical term or geographic name as entry element National socialism.
9 (RLIN) 54964
942 ## - ADDED ENTRY ELEMENTS (KOHA)
Source of classification or shelving scheme Dewey Decimal Classification
Koha item type Books
Holdings
Lost status Source of classification or shelving scheme Damaged status Not for loan Collection code Permanent Location Current Location Shelving location Date acquired Source of acquisition Cost, normal purchase price Total Checkouts Full call number Date last seen Copy number Koha item type
  Dewey Decimal Classification   Added to bundle Non-fiction Central Library, University of Rajshahi Central Library, University of Rajshahi Reading Room 20/04/1974 Paramount Book Corp. 27.00   943.086 APH 1964 19/03/2014 C-1 Books